000
00309 a2200133 4500
001
151545
040
_c
Escola São Tomás de Aquino
240
1
0
_a
Como é que é jacaré?
_l
por
245
1
0
_a
Como é que é jacaré?
362
0
_a
1984
440
1
_a
Salamandra
697
_a
*LITERATURA INFANTO
942
_c
BK
999
_c
151545
_d
151545